000 02595nkm0a2200481 4500
001 RU\NLR\BIBL_A\022581355
005 20260126214616.0
035 _a(NLR Aleph) 022581355
090 _a89010
_c89010
100 _a20250707d1943 u y0rusy50 ca
101 0 _arus
102 _aRU
116 _aiiyaxx bi ad
135 _acrcn 024anaba
181 0 _ab4
_bxb2e
182 0 _an
200 1 _aТаблица ракурсов самолета МЕ-109 Ф
_e[плакат]
_fредактор инженер-майор К. Анисимов
203 _aИзображение
_bнеподвижное
_bдвухмерное
_bвизуальное
_cнепосредственное
210 _aМосква
_cВоенное издательство Народного коммисариата обороны
_d1943
_eМосква
_g1-я типография Трансжелдориздата НКПС
215 _a1 л.
_cлитогр.
_d61,5х92
300 _aВ вып. данных: Г 110405. Воениздат И-2612. Подписано к печати 8/V 1943 г.; Заказ 865
300 _aНа изобр. справа внизу: "Воздушно-Стрелковая Служба ВВС КА"
325 _aКопия доступна в Электрон. б-ке РНБ
606 1 _aПлакат инструктивный
_2nlr_sh2
_3RU\NLR\AUTH\6601761657
606 1 _aВеликая Отечественная война
_z1941 - 1945
_jПлакаты
_2nlr_sh1
_2nlr_sh2
_3RU\NLR\AUTH\668893
606 1 _aBf 109, истребители
_jПлакаты
_2nlr_sh1
_2nlr_sh2
_3RU\NLR\AUTH\661337203
686 _aЩ150.466
700 1 _aАнисимов
_bМ. К.
_4340
712 0 2 _aВоениздат
_cМосква
_3RU\NLR\AUTH\8810147525
_4650
712 0 2 _aТипография им. М.К. Владимирова
_cМосква
_3RU\NLR\AUTH\8810047121
_4610
852 0 0 _aNLR
_bЭ
_jНпВо555/6-23
_mЭ035052
856 0 _uhttps://vivaldi.nlr.ru/la000071000/view
856 1 _uhttps://vivaldi.nlr.ru/la000071000/cover
856 2 _uhttps://vivaldi.nlr.ru/la000071000/text
901 _eИзографические материалы
942 _cVISUAL
945 _aРоссийская национальная библиотека
980 _aBV
980 _aNB
981 1 7 _a(17) Изографические материалы
_b(17) Плакаты